Buchstabensalat - Superhelden 2 - Statistiken

Allgemein
  • Dieses Quiz wurde 107 mal gespielt
  • Das Durchschnittsergebnis liegt bei 6 aus 20
Antwortstatistiken
Buchstabensalat Superheld/in % Korrekt
HOTR Thor
98%
OINR NMA Iron Man
77%
LKBCA TAPHRNE Black Panther
48%
YPOCLCS Cyclops
48%
VREWEOILN Wolverine
43%
AZMHSA Shazam
35%
REGNE RAWRO Green Arrow
33%
CDORTO TAFE Doctor Fate
30%
SJSCAIE NSOEJ Jessica Jones
24%
SPALCTI NMA Plastic Man
24%
XVINE Vixen
24%
NILVEBIIS MAWNO Invisible Woman
21%
NHWAMKA Hawkman
20%
COTKER COROCNCA Rocket Raccoon
20%
HWNGGITIN Nightwing
18%
GALSILRT Stargirl
15%
NTWREI DESILRO Winter Soldier
15%
URLRQSEI IGLR Squirrel Girl
11%
MRTFORESI Firestorm
4%
CGINLREWHTAR Nightcrawler
2%
Keine übereinstimmenden Quizze gefunden
Verteilung der Resultate
Anzahl Personen mit jedem Resultat
Perzentil nach korrekt beantworteten Fragen
Ihre Resultats-Entwicklung
Sie haben dieses Quiz noch nicht gespielt